000 00766nam a2200241 a 4500
001 BRCA_4581
005 20190320204726.0
008 240910s1881----nyua######---#000-0#eng-#
041 _aeng
044 _anyu
050 4 _aN5300
_b.F67 1881
100 1 _aForest, Julia B. de
_911584
245 1 0 _aA Short History of Art
_cby Julia B. de Forest.
260 _aNueva York
_bDood Mead
_c1881
300 _a365 p.
_bil.
_c21 cm.
500 _aIncluye índice de ilustraciones analítico y glosario
500 _aIncluye una hoja plegable con una relativa cronología de los principales artistas en Europa durante la Época del Renacimiento
500 _aD21
650 1 4 _aArte
_xHistoria
_911585
650 1 4 _aRenacimiento
_9683
902 _aGFM
942 _2lcc
_cB
999 _c4286
_d4286